000 00783nam a2200205Ii 4500
003 JO-AjNU
008 230605s9999||||xx |||||||||||||| ||und||
040 _aJO-AjNU
_bara
_erda
_cJO-AjNU
041 _aara
050 1 4 _aDS38.5.B3788.1999
100 3 _aتأليف: بطاينة، محمد ضيف الله,
_eauthor
_959148
245 0 0 _aدراسة في تاريخ الخلفاء الامويين
250 _aط1
264 3 1 _aعمان، اربد: دار الفرقان للنشر والتوزيع، 1999
300 _a507ص
_bيحتوي على مصادر وفهرس من ص 475-507
336 _atext
_btxt
_2rdacontent
337 _aunmediated
_bn
_2rdamedia
338 _avolume
_bnc
_2rdacarrier
650 4 _aالتاريخ الاسلامي- العصر الاموي
_959149
999 _aA26602
_c30170
_d30170